000 00815cam a22002532 4500
001 tmp96004491
003 DLC
005 20260227112754.0
007 cr |||||||||||
008 830107q19001983nyu 000 0 eng
010 _atmp96004491
040 _aDLC
_cCarP
_dDLC
050 0 0 _aHQ763
_b.P3 no. 47
100 1 _aSanger, Margaret,
_d1879-1966.
245 0 4 _aThe fight for birth control ...
246 3 6 _aWoman rebel
260 _a[New York,
_c19--]
300 _a[3] p.
_bcm.
490 0 _a[Pamphlets on birth control ;
_vno. 47]
500 _aCaption title: "The woman rebel" and the fight for birth control.
530 _aAlso available in digital form on the Library of Congress Web site.
650 0 _aBirth control.
856 4 1 _drbcmisc
_fawh0004
_uhttp://hdl.loc.gov/loc.rbc/rbcmisc.awh0004
_qh
999 _c91105
_d91105